20 titres les plus écoutés de Electric Callboy - Statistiques

Statistiques générales
  • Ce quiz a été pris 6 fois
  • Le résultat moyen est 13 sur 20
Statistiques - réponses
Nb. d'écoutes Album Note % Correct
+ 33 000 000 Single Elevator Operator
100%
+ 116 000 000 METAL FORTH RATATATA BABYMETAL (feat. Electric Callboy)
100%
+ 151 000 000 TEKKNO We Got the Moves
100%
+ 27 000 000 TEKKNO Arrow of Love
67%
+ 39 000 000 Crystals Best Day (feat. Sido)
67%
+ 29 000 000 Crystals Crystals
67%
+ 62 000 000 Single Everytime We Touch - TEKKNO Version
67%
+ 38 000 000 TEKKNO Fuckboi (feat. Conquer Divide)
67%
+ 35 000 000 MMXX Hate/Love
67%
+ 16 986 000 TEKKNO Hurrikan
67%
+ 103 000 000 MMXX Hypa Hypa
67%
+ 42 000 000 The Scene MC Thunder
67%
+ 20 000 000 MMXX MC Thunder II (Dancing Like a Ninja)
67%
+ 16 288 000 TEKKNO Mindreader
67%
+ 13 000 000 Single Revery
67%
+ 69 000 000 TEKKNO Spaceman (feat.FiNCH)
67%
+ 60 000 000 TEKKNO Tekkno Train
67%
+ 22 000 000 Crystals My Own Summer
33%
+ 87 000 000 TEKKNO Pump It
33%
+ 14 000 000 Single Supernova - RAGE 2 Edition
33%
Aucun quiz correspondant
Distribution des résultats
% des personnes avec chaque résultat
Percentile par nombre de réponses
Votre historique - résultats
Vous n’avez pas pris ce quiz